Asamiya kabya parikroma/ (Record no. 12117)

MARC details
000 -LEADER
fixed length control field 00535nam a22001937a 4500
005 - DATE AND TIME OF LATEST TRANSACTION
control field 20250304051113.0
008 - FIXED-LENGTH DATA ELEMENTS--GENERAL INFORMATION
fixed length control field 250304b |||||||| |||| 00| 0 eng d
020 ## - INTERNATIONAL STANDARD BOOK NUMBER
International Standard Book Number 9789387956148
040 ## - CATALOGING SOURCE
Original cataloging agency IN-DiNC
Transcribing agency IN-DiNC
041 ## - LANGUAGE CODE
Language code of sung or spoken text Assamese
082 ## - DEWEY DECIMAL CLASSIFICATION NUMBER
Classification number 891.4511
Item number ASA
245 ## - TITLE STATEMENT
Title Asamiya kabya parikroma/
Statement of responsibility, etc. ed. by Arabinda Rajkhowa
250 ## - EDITION STATEMENT
Edition statement 2nd Banalata ed.
260 ## - PUBLICATION, DISTRIBUTION, ETC.
Place of publication, distribution, etc. Dibrugarh:
Name of publisher, distributor, etc. Banalata,
Date of publication, distribution, etc. 2024.
300 ## - PHYSICAL DESCRIPTION
Extent 460p.
650 ## - SUBJECT ADDED ENTRY--TOPICAL TERM
Topical term or geographic name entry element Critical essays on Assamese poetry
700 ## - ADDED ENTRY--PERSONAL NAME
Personal name Rajkhowa, Arabinda
Relator term Editor
942 ## - ADDED ENTRY ELEMENTS (KOHA)
Source of classification or shelving scheme Dewey Decimal Classification
Koha item type Books
Holdings
Withdrawn status Lost status Source of classification or shelving scheme Damaged status Not for loan Collection code Home library Current library Shelving location Date acquired Cost, normal purchase price Total Checkouts Full call number Barcode Date due Date last seen Date last checked out Copy number Price effective from Koha item type
    Dewey Decimal Classification     Assamese Central Library, Naharkatiya College Central Library, Naharkatiya College General Stacks 04/03/2025 430.00 4 891.4511 ASA 30577 07/04/2026 18/03/2026 18/03/2026 1 04/03/2025 Books
    Dewey Decimal Classification     Assamese Central Library, Naharkatiya College Central Library, Naharkatiya College General Stacks 04/03/2025 430.00 7 891.4511 ASA 30578 14/05/2026 25/04/2026 25/04/2026 2 04/03/2025 Books
    Dewey Decimal Classification     Assamese Central Library, Naharkatiya College Central Library, Naharkatiya College General Stacks 04/03/2025 430.00 8 891.4511 ASA 30579 16/05/2026 28/04/2026 28/04/2026 3 04/03/2025 Books

Naharkatiya College © 2020. All rights reserved.

Powered By